00857cam a22002533a 4500001000500000005001700005020001800022040002800040050001500068082001100083100001600094245004600110260003400156300003900190490002400229500002600253500003000279505000800309520019100317521002000508521002000528655002700548655002800575167020240226133418.0 a9781407157368 aEOWcEOWdSLCdDLCbeng00aPZ7.S86037 a813.541 aStine, R. L14aThe blob that ate everyone /cR.L. Stine. aNew York :bScholastic,c1997 a115 pages :c20 cmbillustrations 1 aGoosebumpsvBook 11 a"An Apple paperback." a"A Parachute Press book." aG  aZackie Beauchamp wants to be a famous horror author, but even he is frightened when everything he writes on the old typewriter he found in a burned-out antique store starts to come true. a410 bLexile  aG bRaz-Plus  7aHorror fiction.2gsafd 7aFantasy fiction.2gsafd